000 00811nam a2200205Ia 4500
003 GCL
008 140319s9999 xx 000 0 ara d
020 _a7076099906
040 _aGCL /
_cGCL
082 0 4 _aد
_b050
_bع أ
100 1 _aعبدالرحمن محمد القعود
245 1 0 _aالابهام فى شعر الحداثة ( عالم المعرفة 279 ) :
_bالعوامل و المظاهر و اليات التاويل /
_cعبدالرحمن محمد القعود
260 _aالكويت :
_bالمجلس الوطنى للثقافة والفنون والاداب ،
_c2002
300 _a477 ص ؛
_c20 سم
490 _aعالم المعرفة
_v279
650 0 4 _aالثقافة الغربية
650 0 4 _aالشعر - نظم
650 0 4 _aالحداثة، الشعر
942 _2ddc
_cBK
999 _c2987
_d2987